1139 1527 1358 1139 1251 1207 1093 1025 1574 1862 1422 1765 1586 1106 1473 1909 1723 1990 1729 1571 1720 1343 1478 1272 1841 1874 1960 1167 1366 1256 1305 1451 1601 1110 1569 1310 1460 1101 1020 1990 1506 1124 1501 1012 1565 1705 1434 1900 1596 1364 1691 1453 1326 1088 1928 1208 1942 1900 1624 1309 1180 1060 1169 1648 1969 1930 1686 1810 1938 1359 1977 1298 1899 1360 1110 1712 1684 1905 1732 1618 1565 1358 1931 1263 1066 1733 1188 1961 1229 1610 1991 1630 1094 1527 1088 1525 1693 1904 1052 BCNSPRNW ULIB Ver.6.0+V

เปลี่ยนเป็นภาษาไทย

Change to English
 แสดงรายละเอียดบรรณานุกรม
  กลับหน้าหลัก

Brief Record : Get Marc (ISO 2709) : E-mail record : QR code < ปิดหน้าต่าง
LEADER : 00000nam 2200000uu 4500
001    13399111993
003     ULIB
008    110714s2549||||th 000 0 tha d
020    9749320107
050  4 PE1114 จ758 2549
245 00 เจาะเกราะ CU-TEP แนวใหม่ /^cโดย Postgrad Team
250    พิมพ์ครั้งที่ 2
260    กรุงเทพฯ :^bหน้าต่างสู่โลกกว้าง,^c2549
300    310 หน้า ;^c26 ซม.
500    คู่มือสอบเข้าปริญญาโทจุฬาฯ ทุกคณะ
650  4 ภาษาอังกฤษ^vข้อสอบและเฉลย
650  4 ภาษาอังกฤษ^xไวยากรณ์
710 2  Postgrad Team
945    ^p0^l0^i020212
995    เกษร
999 ^a ใช้งานได้ทุกระบบ
รายการนี้ยังไม่มีแท็ก
คุณยังไม่ได้ล็อกอิน คุณสามารถมีกิจกรรมร่วมกับเว็บไซต์ได้ แต่ต้องล็อกอินก่อน ::
  ล็อกอิน

รายการสื่อสารสนเทศ

ลำดับที่ ประเภท เลขเรียก/บาร์โค้ด สถานที่ สถานะ
- ไม่พบข้อมูล -

BibComment


ยังไม่เคยถูกคอมเมนท์

คอมเมนท์ทรัพยากรรายการนี้
  คอมเมนท์: เจาะเกราะ CUTEP แ..


 Copyright 2026. Bcnsprnw @Library